000
00317nam a22001457a 4500
003
SGT
020
_a
9788131733097
082
_a
621.39,GOE
100
_a
GOEL, ANITA
245
_a
COMPUTER FUNDAMENTALS
260
_a
INDIA
_b
PEARSON
_c
2022
300
_a
545
650
_a
COMPUTER ENGINEERING
942
_2
ddc
_c
BK
_0
42
999
_c
24978
_d
24978